[Event "Leipzig VfB op 25th"]
[Site "Leipzig"]
[Date "2018.03.24"]
[Round "8"]
[White "Valtin, Georg"]
[Black "Fischbach, Rainer"]
[Result "1/2-1/2"]
[WhiteElo "1619"]
[BlackElo "1853"]
[PlyCount "79"]
[EventDate "2018.03.20"]
[EventType "swiss"]
[EventRounds "9"]
[EventCountry "GER"]
[SourceTitle "CBM 183 Extra"]
[Source "ChessBase"]
[SourceDate "2018.04.19"]
[SourceVersion "1"]
[SourceVersionDate "2018.04.19"]
[SourceQuality "1"]

1. Nf3 Nf6 2. d4 d5 3. Bf4 c6 4. c3 h6 5. h3 Bf5 6. Nbd2 e6 7. e3 Bd6 8. Ne5 Bxe5 9. Bxe5 Nbd7 10. Bh2 0-0 11. Be2 Qb6 12. Qb3 Rfe8 13. Nf3 Ne4 14. Ne5 Nxe5 15. Bxe5 Qxb3 16. axb3 f6 17. Bh2 e5 18. f3 Ng5 19. Kd2 exd4 20. exd4 a6 21. Rhe1 Nf7 22. Bf1 Kf8 23. b4 Rxe1 24. Rxe1 Re8 25. Rxe8+ Kxe8 26. b3 Kd7 27. c4 Be6 28. Bd3 Nd6 29. c5 Nf5 30. Bxf5 Bxf5 31. Bd6 h5 32. h4 g5 33. g3 Ke6 34. Ke3 Bc2 35. Bc7 Bxb3 36. Bd6 Kf5 37. Bb8 Bd1 38. Bc7 Kg6 39. Bd8 Kf5 40. Bc7 1/2-1/2

[Event "Leipzig VfB op 25th"]
[Site "Leipzig"]
[Date "2018.03.22"]
[Round "5"]
[White "Didt, Hartmut"]
[Black "Valtin, Georg"]
[Result "1/2-1/2"]
[WhiteElo "1789"]
[BlackElo "1619"]
[PlyCount "53"]
[EventDate "2018.03.20"]
[EventType "swiss"]
[EventRounds "9"]
[EventCountry "GER"]
[SourceTitle "CBM 183 Extra"]
[Source "ChessBase"]
[SourceDate "2018.04.19"]
[SourceVersion "1"]
[SourceVersionDate "2018.04.19"]
[SourceQuality "1"]

1. e4 d6 2. d4 Nf6 3. Nc3 e5 4. dxe5 dxe5 5. Qxd8+ Kxd8 6. Bg5 Be6 7. 0-0-0+ Kc8 8. Nf3 Nbd7 9. Bb5 Bd6 10. h3 a6 11. Bd3 Nc5 12. Rhe1 Nxd3+ 13. cxd3 Nd7 14. d4 f6 15. Be3 b5 16. d5 Bf7 17. Nd2 Nc5 18. Kc2 Be8 19. b3 b4 20. Ne2 Bb5 21. Nc1 Kd7 22. f3 a5 23. Nc4 Rhc8 24. Nd3 Nxd3 25. Rxd3 Ra6 26. Kb2 a4 27. Rdd1 1/2-1/2